| 000 | 00391nam a2200157Ia 4500 | ||
|---|---|---|---|
| 008 | 151213s9999 xx 000 0 und d | ||
| 100 | _aG. Gerge | ||
| 245 |
_aNew Product Development : Responding to Marketing Demand _cG. Gerge |
||
| 250 | _a2nd | ||
| 260 |
_aU S A _bN.T.C _c1992 |
||
| 300 | _a2648 p. | ||
| 650 | _aMarketing | ||
| 650 | _aMarketing | ||
| 700 | _aG. Gerge | ||
| 999 |
_c1760 _d1760 |
||